000 00232nam a2200085Ia 4500
008 120527s9999 xx 000 0 und d
100 _aWillem,C
245 _aRaising and Sustaining Productivity of small holder farming sys
942 _cBK
999 _c21122
_d21122